Η στέπα
Αποθηκεύτηκε σε:
| Κύριος συγγραφέας: | |
|---|---|
| Άλλοι συγγραφείς: | |
| Μορφή: | Βιβλίο |
| Γλώσσα: | Greek Russian |
| Δημοσίευση: |
Αθήναι :
Παπαδημητρίου,
[1953]
|
| Σειρά: | 100 Αθάνατα Έργα ;
; 43 |
| Θέματα: | |
| Ετικέτες: |
Προσθήκη ετικέτας
Δεν υπάρχουν, Καταχωρήστε ετικέτα πρώτοι!
|
MARC
| LEADER | 00000cam a2200000 i 4500 | ||
|---|---|---|---|
| 001 | 1/95907 | ||
| 008 | 081022s1953 gre d | ||
| 035 | |l 10101088 | ||
| 040 | |a GR-MY-UA |b gre |e aacr | ||
| 041 | 1 | |a gre |h rus | |
| 082 | 0 | |a 891.733 |2 (22) | |
| 100 | 1 | |a Chekhov, Anton Pavlovich, |d 1860-1904. | |
| 245 | 1 | 2 | |a Η στέπα / |c Αντώνη Π. Τσέχωφ ; μετάφραση Σπύρου Σκιαδαρέση |
| 260 | |a Αθήναι : |b Παπαδημητρίου, |c [1953] | ||
| 300 | |a 143 σ.; |c 21 εκ. | ||
| 490 | 1 | |a 100 αθάνατα έργα |v ; 43 | |
| 650 | 0 | 0 | |a Russian fiction |x Translations into Greek. |
| 650 | 0 | 0 | |a Russian fiction |y 19th century. |
| 650 | 0 | 0 | |a Russian literature |z 19th century. |
| 700 | 1 | |a Σκιαδαρέσης, Σπύρος. |4 trl | |
| 830 | 0 | |a 100 Αθάνατα Έργα ; |v ; 43 | |
| 852 | |a INST |b RHODES |c AKA |e 20081022 |h 891.733 CHE |p 005400030964 |q 005400030964 |t BK |y 0 | ||
| 901 | |a BIBL4-2008-3 | ||
| 909 | |a Ρ |b 153436 | ||
| 970 | |a ΧΑΡΙΟΠΟΛΙΤΟΥ |b ΚΩΝΣΤΑΝΤΙΝΑ |z 2008/10/22 | ||